[Event "Match 79__120'/40"]
[Site "Zürich"]
[Date "2024.??.??"]
[Round "26"]
[White "Mephisto Polgar sel. 5"]
[Black "Mephisto Explorer Pro"]
[Result "1-0"]
[WhiteElo "1981"]
[BlackElo "2013"]
[Annotator "Utzinger,K"]
[PlyCount "126"]
[EventDate "2024.10.21"]
[EventType "match"]
[SourceVersionDate "2024.10.21"]

{[%evp 0,126,28,36,38,14,12,25,19,1,23,3,-6,2,18,14,9,8,16,-7,24,24,13,12,50,-40,-2,-88,-78,-216,-53,-99,-110,-110,-106,-77,-73,-166,-40,-68,-53,-66,-196,-240,-236,-164,13,10,-55,0,-3,33,0,-17,19,26,26,-72,-29,-72,-86,-98,-95,-79,-84,-84,-77,-71,-74,-70,-82,-74,-70,-89,-76,-62,-24,-21,0,0,0,0,0,-41,-37,-41,-60,-42,-38,-38,-51,-78,-23,-101,0,-49,83,44,92,51,28,0,1,0,0,0,0,0,308,67,108,108,335,194,374,377,530,349,349,363,991,1207,1378,1434,1607,1437,1475,29112,29979]} 1. e4 e5 {Match 120'/40 | Bediener: Rolf Bühler | 26. Partie: Weiss (Mephisto Polgar) gewinnt | Zwischenstand: 13,5-12,5 (54%) für Mephisto Explorer Pro / hypothetisch: 14,5-11,5 (55,7%) für Mephisto Explorer Pro | Eröffnung: Spanisch, moderne oder verzögerte Steinitz Variante | In einer offenbar für beide Programme sehr schwierigen Partie holt sich der Mephisto Polgar einen unverdienten Sieg. Denn mindestens vier Möglichkeiten zum Gewinn setzt der unglückliche Explorer Pro in den Sand, bevor er selbst unter für ihn tödlichen Schwächeanfällen leidet. Über die beidseitige Behandlung des Turmendspiels ab dem 34. Zug hüllen wir schamvoll den Mantel des Schweigens. Das Protokoll des ganzen Dramas sieht fürchterlich aus: 14.Txe5? weisser Verlustzug / 14...Lg4= Schwarz verpasst den Gewinn / 19.Lc2? weisser Verlustzug / 22...Lf3 Schwarz verdirbt den Gewinn / 32.Te1? erneut gerät Weiss in eine verlorene Stellung / 32...Ld6? Schwarz verpasst den Sieg / 36.Te2? erneuter Verlustzug von Weiss / 36...Tc2+? Schwarz geht einmal mehr am Gewinn vorbei / 47...Ta5? nun ist es Schwarz, der einen Verlustzug ausführt / 53.Ta2? Weiss wirf den möglichen Sieg weg / 53...Kb5? Schwarz verpasst den Ausgleich / 55.Ke5? Weiss verpasst den Sieg / 55...Ta5?? der letzte und entscheidende Fehler von Schwarz} 2. Nf3 Nc6 3. Bb5 a6 4. Ba4 d6 {***ENDE BUCH***} 5. c3 {***ENDE BUCH***} Nf6 (5... f5 $5 {leitet zu interessanten Siesta Variante über} 6. exf5 Bxf5 $13) 6. d4 {= (0.25) (53%) Diese natürliche Fortsetzung bereitet d2-d4 vor und schaltet die "Abtauschdrohung" b7-b5 nebst Sc6-a5 aus.} exd4 $2 {+/- (0.74) (65%) Ein Verstoss gegen die schwarze Zentrumsstrategie, die darin besteht, den Bauern e5 so lange wie möglich zu erhalten.} 7. Nxd4 {Wenn Weiss auf Gewinn spielen will, eignet sich dazu nur 7.cxd4 usw.} Bd7 {Die übliche Antwort auf die harmlose weisse Spielweise. Rems 011224 enkorkt mit 7...b5 eine interessante Neuerung.} ({Rems 011224-avx2:} 7... b5 {= (0.21) (52%) ST 52} 8. Nxc6 (8. Bc2 Bb7 $11) 8... Qd7 9. Nd4 (9. Bc2 Qxc6 $11) 9... bxa4 10. O-O Bb7 11. f3 c5 12. Ne2 d5 13. e5 Ng8 {dynamisches Gleichgewicht, aber für Schwarz anspruchsvoller zu spielen.}) 8. Nxc6 {Entwicklung mit 8.0-0 war eine gute Alternative.} bxc6 (8... Bxc6 9. Bxc6+ bxc6 {gefällt mir noch besser, hat Schwarz gar einen leichten Vorsprung in der Entwicklung} 10. O-O Be7 11. Bf4 O-O 12. Nd2 $11) 9. Nd2 Be7 10. O-O O-O 11. Re1 Re8 12. c4 Rb8 $11 13. e5 {Das sieht besser aus, als es ist.} dxe5 {[#]} 14. Rxe5 $2 $19 {[%mdl 32768] ***VERLUSTZUG*** was der Gegner zum Glück für den Mephisto Polgar nicht zu erkennen vermag.} Bg4 $2 {Schwarz geht an seiner Chance vorbei.} (14... Ng4 $1 15. Re2 Bc5 16. Nf3 Rxe2 17. Qxe2 Qf6 18. Qd3 (18. h3 Nxf2 $19) 18... Bf5 19. Qc3 Nxf2 20. Qxf6 gxf6 21. Bxc6 Nd3+ 22. Kh1 Rb6 23. Bd5 Nxc1 24. Rxc1 Rxb2 $19 {und mit Mehrbauer, aktiverem Turm und Läuferpaar hat Schwarz eine Gewinnstellung.}) 15. Qe1 $6 {Nicht die beste Verteidigung (15.Sf3 +=), so dass Schwarz wieder klaren Vorteil erhalten sollte.} Bd6 {Gibt noch nicht allen Vorteil aus der Hand. Aber 15...Sd7 war genauer.} (15... Nd7 16. Re3 Bc5 17. Rxe8+ Qxe8 18. Qf1 Be2 19. Qe1 Bxc4 20. Nf3 Bd5 $19) 16. Re3 $6 (16. Rxe8+ Qxe8 17. Qe3 $17 {hält den Schaden in Grenzen}) 16... Bc5 17. Rxe8+ Qxe8 18. Qf1 Rb6 $2 {Mit dieser "Ente" vergibt Schwarz den Gewinn.} (18... Be2 19. Bxc6 Qe7 20. Qe1 Ng4 21. Ne4 Bd3 $19) {[#]} 19. Bc2 $2 $19 {[%mdl 32768] Postwendend gibt Weiss das "Kompliment" zurück, indem er wieder in eine verlorene Stellung gerät.} Be2 $1 {Dieses Mal findet der Mephisto Explorer den Gewinnzug.} 20. Qe1 Ng4 $1 {Und auch der Folgezug sitzt.} 21. Ne4 Qe5 $1 {Erneut korrekt und ...Dxh2 Matt drohend.} 22. g3 {erzwungen} Bf3 $2 $11 {Leider vergibt der Mephisto Explorer den Gewinn zum dritten Mal.} (22... Qh5 $1 23. h4 Ne5 24. Ng5 f6 $1 25. Bxh7+ Kh8 26. Qc3 Qg4 27. Bf4 fxg5 28. Bxe5 Kxh7 {und gewinnt, denn} 29. Bxg7 {verliert rasch nach} Rxb2 $1 30. Be5 (30. Qxb2 $2 Qxg3+ 31. Kh1 Bf3#) 30... gxh4 $19) 23. Bf4 $1 Qh5 24. h4 Bxe4 25. Qxe4 Rxb2 26. Qe8+ Bf8 27. Qe2 Qg6 $6 {Leichte Künstelei. Aber die Stellung im Gleichgewicht zu halten, ist kompliziert.} (27... g6 $1 28. Bxg6 $1 Qxh4 $1 29. Bxh7+ Qxh7 30. Qxg4+ Qg6 $11 {ausgeglichen}) 28. Bxg6 (28. Rc1 Rxa2 29. c5 Rb2 30. f3 Nf6 31. Kf1 Qh5 32. Bg5 Rxc2 33. Rxc2 Qg6 34. Kg2 $14 {mit leichtem Vorteil für Weiss}) 28... Rxe2 29. Bh5 {Mehr Perspektiven hat der Läufer auf f5.} f5 30. Bxg4 $2 {Dieser Tausch bringt Weiss wieder in arge Nöte. Die zum Ausgleich führende Variante ist jedoch viel zu tief für unsere Oldies.} (30. Rd1 $1 Rc2 31. Rd8 Nxf2 32. Kf1 Ne4 33. Be8 Nf6 34. Bxc6 Rxc4 35. Bf3 Kf7 36. Rc8 c5 37. Bd1 Ke7 38. Bb3 Rb4 39. Ra8 Ne4 40. Ra7+ Kd8 41. Ra8+ Ke7 42. Ra7+ $11) 30... fxg4 31. Kf1 Rc2 {Ob sich Weiss noch retten kann, ist bereits fraglich.} {[#]} 32. Re1 $2 $19 {[%mdl 32768] Erneut gerät Weiss in eine verlorene Stellung. Zu versuchen war einzig noach 32.Td1 usw.} Bd6 $2 $11 {Zum 4. Mal verdirbt Schwarz eine Gewinnstellung.} (32... a5 33. Re8 Rxc4 34. Rc8 a4 35. Bxc7 Kf7 $19 {und Schwarz ist auf der Siegerstrasse}) 33. Bxd6 cxd6 34. Rd1 Rxc4 35. Rxd6 Kf7 $11 {= (0.00) (50%)} {[#]} 36. Ke2 $2 $19 {[%mdl 32768] Und wieder rutscht Weiss in die Verlustzone.} (36. Rd7+ Kf6 37. Ra7 Ra4 38. Rc7 Rxa2 39. Rxc6+ {und dieses Turmendspiel kann Schwarz nicht mehr gewinnen.}) 36... Rc2+ $2 $11 {Kaum zu glauben, aber das ist das 5. Mal, dass Schwarz den Gewinn verschläft.} (36... Ke7 $1 37. Rd2 Rc5 $1 {-+ (-2.76) (0%)}) 37. Ke3 Ke7 38. Rd4 Rxa2 39. Rxg4 Ra3+ 40. Ke2 g6 41. h5 gxh5 42. Rg7+ Kd6 43. Rxh7 Ra5 44. Rh6+ Kc7 45. f4 $11 {Weiss hat nun genug Gegenspiel, um die Stellung zu halten.} Kb6 46. Rg6 Ra3 47. f5 $11 {[#]} Ra5 $2 $18 {[%mdl 2] Drama pur für den Mephisto Explorer Pro, denn dieser lahme Turmzug dreht die Stellung völlig zugunsten von Weiss.} (47... Kc5 $1 {ist die korrekte Antwort, um den weissen Freibauern auf der f-Linie zu zähmen.} 48. f6 Kd6 49. g4 hxg4 50. Rxg4 Ke6 51. f7 Kxf7 52. Rc4 Ke6 53. Rxc6+ Kd5 54. Rc8 $11 {und diese Stellung kann jeder Schachspieler, der etwas über Turmendspiele versteht, selbst gegen Magnus Carlsen ohne Probleme halten.}) 48. Rg5 $1 Re5+ 49. Kf3 a5 50. Rxh5 a4 51. g4 {Die weissen Bauern sind deutlich gefährlicher als die gegnerischen.} a3 52. Rh2 Ra5 53. Ra2 $2 {Nun ist es Weiss, der den Gewinn in den Sand setzt.} (53. f6 $1 a2 (53... Ra8 54. g5 Rf8 55. Kg4 c5 56. Kf5 $18) 54. Rxa2 Rxa2 55. f7 Ra1 56. Ke2 Ra2+ 57. Ke3 Rg2 58. f8=Q Rxg4 59. Qd8+ {und Weiss gewinnt gemäss den Tablebases.}) {[#]} 53... Kb5 $2 $18 {[%mdl 2] Nachdem das Schröder-Programm den Gewinn vermasselt hat, ist es nun das Programm von Frans Morsch, das ebenso wenig Verständnis für das Turmendspiel zeigt und wieder verlieren sollte.} (53... Kc5 $1 {Wieder der rettende König, welcher sich den weissen Bauern annähert.} 54. g5 Kd6 55. Kf4 (55. f6 Rxg5 56. Rxa3 Rf5+ 57. Ke4 Rxf6 58. Ra5 $11) 55... Ra4+ 56. Kf3 Ra5 57. Kg4 Ke7 58. Kf4 $11) 54. Kf4 {Auch 54.f6 gewinnt.} Ra4+ 55. Ke5 $2 {Verdirbt den Sieg.} {[#]} Ra5 $4 $18 {[%mdl 2] Verdirbt das Remis und kaum verständlich, weshalb der Turm nicht den gegnerischen Bauer g4 schnappt.} (55... Rxg4 56. Rxa3 c5 $11) 56. Ra1 (56. Ke6 {gewinnt systematischer} Ra4 57. g5 Re4+ 58. Kf7 Kb4 59. g6 Kb3 60. Rxa3+ $1 Kxa3 61. g7 Rg4 62. g8=Q Rxg8 63. Kxg8 {mit gewonnenem Bauernendspiel, z.B.} c5 64. f6 c4 65. f7 c3 66. f8=Q+ Kb3 67. Qf4 Kb2 68. Qb4+ Kc2 69. Kf7 Kd3 70. Ke6 c2 71. Qe1 $18) 56... Kb4+ 57. Ke6 c5 58. g5 Kc3 59. f6 Kb4 60. g6 Ra6+ 61. Ke5 Ra8 62. g7 Rg8 63. f7 Rxg7 {***AUFGEGEBEN***} 1-0

[Event "Match 79__120'/40"]
[Site "Zürich"]
[Date "2024.??.??"]
[Round "27"]
[White "Mephisto Explorer Pro"]
[Black "Mephisto Polgar sel. 5"]
[Result "1/2-1/2"]
[WhiteElo "2013"]
[BlackElo "1081"]
[Annotator "Utzinger,K"]
[PlyCount "128"]
[EventDate "2024.10.21"]
[EventType "match"]
[SourceVersionDate "2024.10.21"]

{[%evp 0,128,27,22,77,73,54,64,63,18,17,17,8,18,24,8,2,-32,-12,-12,19,21,39,31,101,97,127,111,104,82,112,108,364,363,306,306,277,277,280,154,146,146,146,21,61,75,75,93,59,50,50,40,110,104,113,117,117,78,70,42,43,44,39,28,38,22,22,18,15,1,21,0,27,34,37,27,26,-13,-18,-19,-28,-13,-13,-13,0,0,0,-31,0,-36,103,-33,6,28,15,29,40,31,278,251,250,378,499,35,29,0,0,0,0,0,0,0,0,0,0,0,0,0,0,0,0,0,0,0,0,0,0,0,0,0,0]} 1. e4 c6 {Match 120'/40 | Bediener: Rolf Bühler | 27. Partie: Remis | Zwischenstand: 14,0-13,0 (51,8%) für Mephisto Explorer Pro / hypothetisch: 15,5-11,5 (57,4%) für Mephisto Explorer Pro | Eröffnung: Caro Kann Verteidigung, Vorstoss Variante | Der Mephisto Explorer Pro nutzt die geschwächte Bauernstruktur am schwarzen Königsflügel zu einem Springeropfer auf g6 für Angriffschancen gegen den nicht rochierten König. Es entsteht eine ungewöhnlich komplizierte Stellung. Schwarz taumelt dauernd am Abgrund. Aber der Mephisto Explorer Pro schafft es nicht, den Sack zuzumachen. Und selbst als der Mephisto Polgar auch das gleichstehende Endspiel noch versaut, muss sich das Programm von Frans Morsch am Ende doch noch mit Remis zufrieden geben.} 2. d4 d5 3. e5 Bf5 4. Ne2 {Die Fortsetzung 4.Sf3 wird am meisten gespielt.} e6 5. Ng3 Bg6 6. h4 {***ENDE BUCH***} h6 {***ENDE BUCH***} 7. c3 (7. h5 {ist die übliche Fortsetzung} Bh7 8. Bd3 Bxd3 9. cxd3 c5 10. dxc5 Bxc5 11. Qg4 Kf8 12. d4 Bb6 13. Nc3 Nc6 14. Be3 Nge7 15. O-O Kg8 16. Rad1 Qd7 17. Nce2 Kh7 18. a3 a5 19. Rd3 a4 20. Bc1 Rhf8 21. Rfd1 f5 22. Qf3 Rac8 23. Nf4 Bxd4 24. Ng6 Nxg6 25. hxg6+ Kxg6 26. Qf4 Bxe5 27. Qxa4 Kh7 28. Nf1 Bf6 29. b4 Ne5 30. R3d2 Qxa4 {0-1 (30) Van Foreest,J (2684)-Gukesh,D (2730) Chess.com INT 2023}) 7... Nd7 {Vielleicht ist 7...c5 etwas wirkungsvoller, kann der Springer doch aktiver auf c6 eingesetzt werden.} 8. Bd3 {Caro-Kann Kenner hätten hier wohl 8.h5 eingeschoben.} Bxd3 9. Qxd3 Be7 {Gar etwas passiv, weshalb 9...c5 den Vorzug verdient.} 10. Nh5 {Eine Stichelei, auf die Schwarz falsch reagiert.} g6 $6 {Besser 10...Lf8} 11. Nf4 ({Interessant ist} 11. Ng7+ Kf8 12. Nxe6+ $5 fxe6 13. Qxg6 Qe8 14. Qxe6 $14 {und Weiss hat 3 Bauern für die Figur, wobei Schwarz mit unrochiertem und bloss stehendem König ein Handicap hat.}) 11... Bxh4 $2 {[%mdl 2] Fragwürdig bzw. ein ***VERLUSTZUG*** anstelle von 11...Lf8, was das Feld g7 deckt und dem König nötigenfalls das Feld d7 einräumt.} ({Nach} 11... Bf8 12. Nxg6 $6 fxg6 13. Qxg6+ Ke7 $11 {hat Weiss nichts.}) 12. Nxg6 $1 fxg6 13. Qxg6+ Kf8 14. Rh3 $1 {Jetzt hat Schwarz Sorgen um seine Königsstellung und muss aufpassen, nicht unter die Räder zu gelangen.} Qe7 {Alles andere ist schlechter.} 15. Rf3+ {Man kann es dem Weissen nicht verargen, dass er die stärkste Abwicklung zum Gewinn mit 15.Le3 nicht findet. Nach dem logisch aussehenden Textzug 15.Tf3+ kann sich Schwarz gerade noch verteidigen.} ({Beast M-SE-avx2:} 15. Be3 {+- (2.12) (100%) ST 56} Bf6 16. exf6 Qf7 17. Qg3 Ke8 18. Nd2 Ngxf6 19. Rxh6 Ke7 20. Rxh8 Rxh8 21. O-O-O Kd8 22. Nf3 Ne4 23. Ng5 Nxg5 24. Qxg5+ Kc8 25. Qf4 Qe7 26. Rg1 a5 27. g4 Nf8 28. a4 Ng6 29. Qf3 Rf8 30. Qd1 Qf7 31. Kb1 Rh8 32. Rg3 Rh2 33. Ka2 Qh7 34. Qc2 Rh1 35. Bg5 Nf8 36. Qxh7 Rxh7 37. Be3 Kd8 38. Rf3 Ke7 39. Bg5+ Ke8 40. Rf6 Rh2 41. f3 Rh3 42. f4 Rg3 43. Bh6 Nd7 44. Rg6 Rg2 {[%eval 212,56] [%wdl 991,9,0]}) 15... Ndf6 $2 $18 {[%mdl 2] Aber Schwarz greift daneben und sollte nun verlieren.} (15... Bf6 $1 16. exf6 Qh7 17. Qxh7 Rxh7 18. Bf4 $14) 16. Qh5 $1 {Damit gelangt Weiss auf den Siegespfad. Da der angegriffene Lh4 nicht fliehen kann und auch der Sf6 wegen der Turmfesslung droht verlorenzugehen, muss Schwarz seinen König aus der Fesslung nehmen.} Kg7 17. Qxh4 Ne4 18. Qg4+ Kh7 19. Rh3 {Droht f2-f3 und der Se4 geht verloren, denn ...Sg5 kann mit Lxg5 beantwortet werden, wonach die schwarze Dame wegen des gefesselten h-Bauern nicht auf g5 nehmen darf. Aber auch Sicht von Beast M-SE-avx2 wäre hier mit 19.Sd2 eine klar gewonnene Stellung zu erreichen. Die Komplexität der Varianten liegt aber weit ausserhalb des Könnens unserer Oldies.} ({Beast M-SE-avx2:} 19. Nd2 $1 {+- (4.53) (100%) ST 54} Qg7 (19... Nxd2 20. Bxd2 Re8 (20... Qg7 21. Qxe6) 21. Rg3 Qf7 22. O-O-O Re7 23. Rh1 Qg7 24. Qh3 $18 {und erobert die angegriffene Dame, die wegen Dxh6+ nebst Matt nicht ziehen darf.}) (19... Rf8 20. Rxf8 Qxf8 21. Nxe4 dxe4 22. Qxe6 $18) (19... Ng5 20. Rg3 Qf7 21. Qh4 Kg7 22. f4 Rf8 23. Nf3 $18) 20. Qxe6 Ng5 21. Qf5+ Qg6 22. Qxg6+ Kxg6 23. Rg3 Kf7 24. Nf3 Ne6 25. Nh4 Ne7 26. Rf3+ Ke8 27. Rf6 Kd7 28. g3 c5 29. dxc5 Nxc5 30. Rd6+ Kc7 31. Ke2 Na4 32. Rb1 Rag8 33. Rxh6 Rxh6 34. Bxh6 Kd7 35. Nf3 Nc6 36. Rd1 Nxb2 37. Rxd5+ Ke8 38. Nd2 Rg6 39. Bf4 Re6 40. Ne4 Nc4 41. Nd6+ Nxd6 42. Rxd6 Re7 43. e6 Rg7 44. Rd7 Rxd7 45. exd7+ Kxd7 46. Kd3 Ke6 47. Ke4 Ne7 48. Be3 Nd5 49. Kd3 {[%eval 453,54] [%wdl 1000,0,0]}) 19... Qg7 $18 {Noch am besten, aber auch nicht mehr genügend.} 20. Qxe6 {Weiss steht auch so deutlich besser. Aber der eindeutige Siegeszug wäre 20.Dh4 gewesen.} (20. Qh4 $1 Rf8 21. Be3 Nxf2 {sonst geht er nach f2-f3 kompensationslos verloren.} 22. Bxf2 $18) 20... Rf8 21. f3 $6 {Auch nicht die beste Wahl, die in 21.Sd2 bestand.} ({Beast M-SE-avx2:} 21. Nd2 Ng5 22. Qg4 Nxh3 23. Qxh3 Ne7 24. Nf3 Kg8 25. Bd2 Qf7 26. O-O-O Qf5 27. Rh1 Qxh3 28. Rxh3 Kf7 29. Kd1 Rfg8 30. g3 h5 31. Bg5 Nf5 32. Bf6 Rh6 33. Ke2 Ke8 34. Ne1 h4 35. gxh4 Nd6 36. Bg5 Rxg5 37. hxg5 Rxh3 38. exd6 Kd7 39. f4 Rh2+ 40. Kf3 Kxd6 41. Ng2 Rh1 42. f5 Rf1+ 43. Kg4 Rg1 44. Kg3 Ke7 45. Kf2 Rb1 46. b4 Rb2+ 47. Kf3 Rxa2 48. Nf4 b6 49. Ng6+ Ke8 50. Ne5 Ra1 51. f6 Rf1+ 52. Ke2 Rf5 53. g6 Kf8 54. Nd7+ Kg8 55. f7+ Kg7 56. c4 a6 57. c5 bxc5 58. dxc5 {[%eval 192,52] [%wdl 985,15,0]}) 21... Qxg2 22. Qd7+ {Nur mit 22.Dg4 konnte Weiss noch einen geringen Vorteil behalten.} Kg6 23. Qg4+ Qxg4 24. fxg4 Rf2 $14 25. Nd2 Rf4 26. Nxe4 Rxe4+ 27. Be3 Rxg4 $11 {Die Stellung befindet sich wieder im Gleichgewicht.} 28. Ke2 Rg2+ $6 {Viel vernünftiger war es, die letzte Figur mit 28...Se7 zu entwickeln. Nach dem Textzug könnte Weiss wieder in Vorteil kommen.} (28... Ne7 29. Rf1 Nf5 30. Kd3 h5 31. Rhf3 Nxe3 32. Kxe3 h4 $11 {ist völlig ausgeglichen}) 29. Bf2 $6 {Es geht besser.} (29. Kd3 $1 {Das funktioniert, weil} Rxb2 $2 {zum Verlust führen würde} (29... Rh7 $16 {ist der einzige Zug, der noch Widerstand leistet}) 30. Rg3+ Kf7 31. Rf1+ Ke7 32. Rg7+ Ke6 (32... Ke8 33. e6 $18) 33. Rf8 Rxa2 34. Re8+ Kf5 35. Rgxg8 Rxg8 (35... Rh7 36. Rgf8+ Kg4 37. e6 $18) 36. Rxg8 Rh2 37. Rf8+ Ke6 (37... Kg6 38. e6 {Matt in 9}) 38. Rf6+ Ke7 39. Bxh6 $18) 29... Ne7 30. Kf3 Rg5 31. Rah1 h5 32. R1h2 Nf5 33. b3 Rg4 $11 {Es steht wieder gleich.} 34. Be1 c5 35. dxc5 Re4 36. Rg2+ Kf7 37. Bf2 Rxe5 38. Kf4 Kf6 39. Rg6+ Kxg6 40. Kxe5 Re8+ 41. Kxd5 Re2 42. Bd4 Rxa2 $11 {Auch wenn es nun äusserst remisverdächtig aussieht, wissen wir, dass noch fast alles passieren kann in diesem Endspiel.} 43. Be5 Kg5 44. Ke6 {[#]} Kg4 $2 $18 {[%mdl 2] Und schon ist es wieder passiert: Schwarz kommt vom richtigen Pfad ab und manövriert sich in eine verlorene Stellung. Die übermenschliche Gewinnvariante, die Beast M-SE ausspuckt, ist natürlich für unsere Oldies nicht zu stemmen.} (44... Re2 $1 45. b4 Nh6 46. Kd5 Nf5 47. Bc7 a6 $11) 45. Rh1 $6 {Macht den Sieg äusserst ungewiss. Für Beast M-SE ist 45.Td3 +- ein klarer Gewinn.} ({Beast M-SE-avx2:} 45. Rd3 {+- (5.61 (100%) ST 51} Ra6+ 46. Rd6 Ra3 (46... Nxd6 47. cxd6 $18) 47. b4 Ne3 48. Rd3 Ra6+ 49. Kd7 Nf5 50. Kc7 Re6 51. Bd6 b5 52. c6 Rh6 53. Bh2 Ne7 54. Rd6 Rh8 55. Rd4+ Kf5 56. Kb7 Nxc6 57. Kxc6 a6 58. Kb7 Re8 59. Bd6 Rd8 60. Kxa6 Ke6 61. Bh2 Rc8 62. Rd6+ Kf5 63. Rd5+ Kg4 64. Rd3 Rf8 65. Rd4+ Kf3 66. Bd6 h4 67. Kxb5 h3 68. Rd3+ Kg4 69. Bxf8 {[%eval 561,51] [%wdl 1000,0,0]}) {[#]} 45... Ra6+ $2 $18 {[%mdl 2] Verpatzt seine Chance auf ein Remis.} (45... Nh4 46. Kd7 Nf3 47. Bf6 Ra6 48. Be7 Rh6 $11) 46. Bd6 {Nun hat Weiss leichtes Spiel.} Ng3 47. Rg1 h4 48. Kd7 Rc6 49. b4 Kf3 50. b5 Rxd6+ {Es gibt keine Rettung mehr.} {[#]} 51. Kxd6 $2 {Im allerletzten Moment verdirbt der Mephisto Explorer Pro das gewonnene Endspiel.} (51. cxd6 $1 {gewinnt}) 51... Ne4+ 52. Kd5 Nxc3+ 53. Kc4 Nxb5 54. Kxb5 h3 55. Rc1 h2 56. c6 bxc6+ 57. Kxc6 Kg2 58. Kb7 a5 59. Ka6 a4 60. Kb5 a3 61. Ka4 a2 62. Kb3 a1=Q 63. Rxa1 h1=Q 64. Rxh1 Kxh1 {***REMIS MATERIAL***} 1/2-1/2